000
00303cam a2200121 4500
001
L136522
008
070205n2006 000 0 eng u
035
_a
(Sirsi) u136522
245
_a
Guide to environmental management
260
_a
British Council for Offices
_c
2006
350
_a
45.00.
942
_n
0
999
_c
106417
_d
106417